| 000 | 00970cam a22003137a 4500 | ||
|---|---|---|---|
| 003 | CHAP | ||
| 005 | 20220329140049.0 | ||
| 008 | 971013s1977 r 00010 d | ||
| 010 | _a46414 | ||
| 011 | _a47386 | ||
| 035 | _a51528 | ||
| 040 | _cCHAP | ||
| 082 |
_a550 _bT4 1977 |
||
| 100 | 0 | 0 |
_aThomas, J. A. G. _9112837 |
| 245 | 1 | 3 | _aAn introduction geological maps |
| 250 | _a2 ed. | ||
| 260 |
_aLondon : _bAllen & Unwin, _c1977 |
||
| 300 |
_a67 p. _b: ilus. |
||
| 590 |
_aBATCH-UPD _b10 _c20130110 _lUCH01 _h0226 |
||
| 590 |
_aBATCH-UPD _b10 _c20130110 _lUCH01 _h2127 |
||
| 590 |
_aBATCH-UPD _b10 _c20130410 _lUCH01 _h1437 |
||
| 590 |
_aBATCH-UPD _b10 _c20130914 _lUCH01 _h1538 |
||
| 590 |
_aCONVERSION _b10 _c20130109 _lUCH01 _h1325 |
||
| 650 | 1 | 4 |
_aGeologĂa _xMapas. _947626 |
| 901 | _aBK | ||
| 942 | _cLIBRO | ||
| 949 |
_a550 T4 1977 _bBC _cLIBRO _d33724000446860 _eLIBRO _h54990 _i51528 _si |
||
| 949 |
_a550 T4 1977 _bBC _cLIBRO _d33724000446878 _eLIBRO _fc.2 _h54991 _i51528 _si |
||
| 999 |
_c46414 _d46414 |
||